| 000 -CABECERA |
| Longitud fija campo de control |
00715nam a22002057a 4500 |
| 003 - IDENTIFICADOR DEL NÚMERO DE CONTROL |
| Identificador del número de control |
OSt |
| 005 - FECHA Y HORA DE LA ÚLTIMA TRANSACCIÓN |
| Fecha y hora de la última transacción |
20131204142148.0 |
| 008 - CÓDIGOS DE INFORMACIÓN DE LONGITUD FIJA |
| Códigos de información de longitud fija |
131030t1981 xxu||||| |||| 00| 0 eng d |
| 020 ## - NÚMERO INTERNACIONAL NORMALIZADO PARA LIBROS |
| Número Internacional Normalizado para Libros (ISBN) |
9682409942 |
| 040 ## - FUENTE DE LA CATALOGACIÓN |
| Centro transcriptor |
CDMR |
| Lengua de catalogación |
cat |
| 100 ## - PUNTO DE ACCESO PRINCIPAL-NOMBRE DE PERSONA |
| 9 (RLIN) |
4195 |
| Nombre de persona |
Mier, Luis Javier |
| 245 ## - MENCIÓN DE TÍTULO |
| Título |
Periodismo interpretativo |
| Resto del título |
: entrevistas con ocho escritores mexicanos |
| Mención de responsabilidad, etc. |
Luis Javier Mier |
| 260 ## - PUBLICACIÓN, DISTRIBUCIÓN, ETC. (PIE DE IMPRENTA) |
| Lugar de publicación, distribución, etc. |
Mexico |
| Nombre del editor, distribuidor, etc. |
trilla |
| Fecha de publicación, distribución, etc. |
1981 |
| 300 ## - DESCRIPCIÓN FÍSICA |
| Extensión |
190 p. |
| 500 ## - NOTA GENERAL |
| Nota general |
Entrevistes a Gustavo Sainz, Juan Tovar, Ignacio Solares, René Avilés Fabila, Luis Carrión, Jorge Arturo Ojeda, Jorge Aguilar Mora |
| 650 04 - PUNTO DE ACCESO ADICIONAL DE MATERIA - TÉRMINO DE MATERIA |
| 9 (RLIN) |
4368 |
| Término de materia o nombre geográfico como elemento inicial |
Escriptors |
| Subdivisión de forma |
Intervius |
| 650 04 - PUNTO DE ACCESO ADICIONAL DE MATERIA - TÉRMINO DE MATERIA |
| 9 (RLIN) |
3088 |
| Término de materia o nombre geográfico como elemento inicial |
Periodisme i literatura |
| 700 ## - PUNTO DE ACCESO ADICIONAL - NOMBRE DE PERSONA |
| 9 (RLIN) |
4194 |
| Nombre de persona |
Carbonell, Dolores |
| 942 ## - ENTRADA DE ELEMENTOS AGREGADOS (KOHA) |
| Fuente de clasificaión o esquema |
|
| Koha [por defecto] tipo de item |
Monografies |